| 000 | 00705cab a2200217 4500 | ||
|---|---|---|---|
| 001 | WB3027-06 | ||
| 008 | 090401t1994 xxu||||| |||| 00| 0 eng d | ||
| 035 | _a(Sirsi) u4198 | ||
| 041 | _aeng | ||
| 245 | _aLate payments to subcontractors fall | ||
| 260 | _c1994 | ||
| 350 | _a0 | ||
| 490 |
_aBuilding _v259(7852( 14 July 1994, 9(1) |
||
| 520 | _aAccording to Construction Intelligence Data, main contractors are paying subcontractors more quickly, with the percentage of late payments the lowest for three years. | ||
| 650 | _aLATE PAYMENTS | ||
| 650 | _aMAIN CONTRACTORS | ||
| 650 | _aSUBCONTRACTORS | ||
| 690 | _aBUILT ENVIRONMENT-BUILDING CONTRACT FORMS | ||
| 942 | _n0 | ||
| 948 | _c04/03/1997 | ||
| 999 |
_c2511 _d2511 |
||